Countries most similar to Antigua and Barbuda - Statistics

General Stats
  • This quiz has been taken 14 times
  • The average score is 14 of 20
Answer Stats
Rank Country % Correct
3 Barbados
100%
7 Bahamas
91%
4 Dominica
82%
1 St Kitts and Nevis
82%
5 St Lucia
82%
2 St Vincent
82%
8 Trinidad and Tobago
82%
12 Cuba
73%
10 Dominican Republic
73%
6 Grenada
73%
11 Haiti
73%
9 Jamaica
73%
13 Fiji
64%
18 Tonga
64%
16 Palau
55%
20 Tuvalu
55%
17 Vanuatu
55%
19 Kiribati
45%
15 Maldives
27%
14 Seychelles
27%
No matching quizzes found
Score Distribution
Percent of People with Each Score
Percentile by Number Answered
Your Score History
You have not taken this quiz